000 00647nam a2200181Ia 4500
008 100920s9999 xx 000 0 und d
082 _b19050
_a491.462 थ 64
100 _aआपटे हरि नारायण.
245 _aभास कवीच्या नाटककथा.
260 _bआर्यभूषण मुद्रणालय, पुणे 4.
_c1964
300 _a131
_bसाधी
365 _b1.5
520 _aनाटक.
630 _aभास कवीच्या नाटककथा.
650 _aनाटक.
730 _aभास कवीच्या नाटककथा.
942 _cBOOK
999 _c680382
_d680379